| 000 | 00523nam a2200145 a 4500 | ||
|---|---|---|---|
| 001 | 000037193 | ||
| 005 | 20200930080210.0 | ||
| 008 | 120229s1995 xxua 000 0 spa d | ||
| 245 | 0 | 0 |
_aEnrichir la vie : _ben surmontant la malnutrition liée aux carences en vitamines et en minéraux dans les pays en développement. |
| 260 |
_aWashington : _bBanque Mondiale , _c1995. |
||
| 300 |
_a81 p. : _bil. ; _c23 cm. |
||
| 490 | 1 | _aLa développement a l´oeuvre | |
| 830 | 0 |
_aLa développement a l´oeuvre _963605 |
|
| 999 |
_c36683 _d36683 |
||
| 040 | _aDO-SdBNP | ||